Derecho Laboral I (Registro nro. 7788)
[ vista simple ]
| 000 -Cabecera | |
|---|---|
| Campo de control de longitud fija | 01150ntm a22004217a 4500 |
| 005 - Fecha y hora de la última transacción | |
| Campo de control | 20231127113746.0 |
| 008 - Elementos de longitud fija--Información general | |
| Campo de control de longitud fija | 160304b2011 xxu||||| |||| 00| | spa d |
| 020 ## - International Standard Book Number | |
| Número Internacional Estándar del Libro (ISBN) | 9789968318419 |
| 041 ## - Idioma | |
| Código de idioma | Español |
| 082 ## - Clasificación Decimal Dewey | |
| Número de clasificación | 344.01 F778d |
| 100 ## - Entrada principal--Autor personal | |
| Nombre personal | Fournier Facio, Arturo |
| 9 (RLIN) | 6475 |
| 245 ## - Título propiamente dicho | |
| Título | Derecho Laboral I |
| 260 ## - Pie de imprenta | |
| Lugar de publicación, distribución, etc. | Costa Rica |
| 260 ## - Pie de imprenta | |
| Nombre del editor, distribuidor, etc. | EUNED |
| 260 ## - Pie de imprenta | |
| Fecha de publicación, distribución, etc. | 2011 |
| 300 ## - Descripción física | |
| Extensión | 268 páginas |
| 650 ## - Materia general | |
| Temática (materia general) | COSTA RICA |
| 650 ## - Materia general | |
| Temática (materia general) | DERECHO LABORAL |
| 650 ## - Materia general | |
| Temática (materia general) | CONTRATO LABORAL |
| 650 ## - Materia general | |
| Temática (materia general) | TIPOS DE CONTRATOS |
| 650 ## - Materia general | |
| Temática (materia general) | DURACIÓN DE CONTRATOS |
| 650 ## - Materia general | |
| Temática (materia general) | HORARIO DE TRABAJO |
| 650 ## - Materia general | |
| Temática (materia general) | DÍAS FERIADOS |
| 650 ## - Materia general | |
| Temática (materia general) | VACACIONES ANUALES |
| 650 ## - Materia general | |
| Temática (materia general) | RELACIÓN CONTRACTUAL |
| 650 ## - Materia general | |
| Temática (materia general) | SALARIOS |
| 650 ## - Materia general | |
| Temática (materia general) | DEDUCCIONES SALARIARES OBLIGATORIAS |
| 650 ## - Materia general | |
| Temática (materia general) | PROTECCIÓN DEL TRABAJADOR |
| 650 ## - Materia general | |
| Temática (materia general) | RIESGOS DEL TRABAJO |
| 650 ## - Materia general | |
| Temática (materia general) | RESOLUCIÓN ALTERNATIVA DE CONFLICTOS |
| 650 ## - Materia general | |
| Temática (materia general) | TIPOS DE CONTRATACIÓN ESPECIAL |
| 650 ## - Materia general | |
| Temática (materia general) | INSTITUCIONES PUBLICAS |
| 650 ## - Materia general | |
| Temática (materia general) | GLOBALIZACIÓN |
| 650 ## - Materia general | |
| Temática (materia general) | TRATADO DE LIBRE COMERCIO |
| 650 ## - Materia general | |
| Temática (materia general) | AGUINALDO |
| 650 ## - Materia general | |
| Temática (materia general) | SEGURIDAD SOCIAL |
| 942 ## - Punto de acceso adicional KOHA | |
| Tipo de ítem KOHA | Libro |
| Fuente del sistema de clasificación o colocación | Dewey Decimal Classification |
| Signatura completa | Código de barras | Tipo de ítem |
|---|---|---|
| 344.01 F778d | 15827 | Libro |
| 344.01 F778d | 15828 | Libro |
| 344.01 F778d | 15829 | Libro |
| 344.01 F778d | 15830 | Libro |
| 344.01 F778d | 16653 | Libro |
| 344.01 F778d | 16654 | Libro |
| 344.01 F778d | 18329 | Libro |
| 344.01 F778d | 16285 | Libro |
| 344.01 F778d | 16284 | Libro |
| 344.01 F778d | 22281 | Libro |
| 344.01 F778d | 22282 | Libro |
| 344.01 F778d | 24840 | Libro |